| 000 | 01345nam0a2200313 4500 | ||
|---|---|---|---|
| 001 | RU\NLR\bibl\1866807 | ||
| 005 | 20250616184658.0 | ||
| 010 |
_a978-5-7638-2119-2 _970 |
||
| 021 |
_aRU _b2012-219 _916 |
||
| 035 | _a(NLR Aleph) 001856681 | ||
| 090 |
_a2475440 _c2475440 |
||
| 100 | _a20120208d2011 |||y0rusy50 ca | ||
| 101 | 0 | _arus | |
| 102 | _aRU | ||
| 105 | _ay ||||||||| | ||
| 200 | 1 |
_aКонституционно-правовая ответственность в российском конституционном праве _eучебное пособие _fА.А. Кондрашов _gМ-во образования и науки Рос. Федерации, Сиб. федер. ун-т |
|
| 210 |
_aКрасноярск _cСФУ _d2011 |
||
| 215 |
_a406 с. _d21 |
||
| 320 | _aБиблиогр.: с. 418-466 (527 назв.) и в подстроч. прим. | ||
| 606 | 1 |
_aОтветственность в конституционном праве _jУчебные издания _yРоссийская Федерация _92431461 _3RU\NLR\auth\661447201 |
|
| 686 | _aХ620я7 | ||
| 700 | 1 |
_aКондрашев _bА. А. _gАндрей Александрович _4070 |
|
| 801 | 0 |
_aRU _bNLR _c20120208 _gRCR |
|
| 801 | 1 |
_aRU _bNLR _c20120208 |
|
| 830 | _aпо кн | ||
| 942 | _cBOOK | ||
| 980 | _aNB | ||
| 980 | _aNBR | ||